Loading...
| Auditory Arts | 6 | 8.33 | 83% | 0% | 0% |
| Beliefs | 5 | 12.00 | 80% | 20% | 20% |
| Current Events | 3 | 13.33 | 67% | 67% | 0% |
| Fine Arts - Other Arts | 4 | 12.50 | 75% | 50% | 0% |
| History - American History | 4 | 2.50 | 25% | 0% | 0% |
| History - Ancient History | 2 | 15.00 | 100% | 50% | 0% |
| History - European History | 4 | 10.00 | 75% | 25% | 0% |
| History - Other History | 2 | 15.00 | 100% | 50% | 0% |
| History - World History | 5 | 8.00 | 80% | 0% | 0% |
| Literature - American Literature | 4 | 17.50 | 100% | 75% | 0% |
| Literature - British Literature | 3 | 13.33 | 100% | 33% | 0% |
| Literature - European Literature | 6 | 20.00 | 100% | 67% | 33% |
| Literature - World Literature | 6 | 16.67 | 100% | 33% | 33% |
| Other Academic | 1 | 10.00 | 100% | 0% | 0% |
| Philosophy | 2 | 15.00 | 100% | 50% | 0% |
| Science - Biology | 4 | 12.50 | 100% | 25% | 0% |
| Science - Chemistry | 4 | 12.50 | 100% | 25% | 0% |
| Science - Other Science | 7 | 8.57 | 57% | 29% | 0% |
| Science - Physics | 5 | 6.00 | 60% | 0% | 0% |
| Social Science | 6 | 15.00 | 100% | 50% | 0% |
| Visual Arts | 4 | 10.00 | 100% | 0% | 0% |